| 000 | 00550nam a2200181 4500 | ||
|---|---|---|---|
| 999 |
_c686 _d686 |
||
| 003 | OSt | ||
| 005 | 20200602120013.0 | ||
| 008 | 200602b ||||| |||| 00| 0 eng d | ||
| 020 | _a0382261836 | ||
| 040 |
_aKABLIB _cKABLIB _dKABLIB |
||
| 082 |
_223 _a780.7 _bBEE |
||
| 100 |
_aBeethoven, Jane. _91999 |
||
| 245 |
_aThe Music Connection / _cJane Beethoven.....(et al.) |
||
| 260 |
_aNeedham, MA : _bSilver Burdett Ginn Inc., _cc1995. |
||
| 300 |
_a317 p. : _bill.( some col.) ; _c26 cm. |
||
| 700 |
_aBeethoven, Jane......(et al.). _92000 |
||
| 942 |
_2ddc _cBOOK |
||